000 00443pab a2200157 454500
008 180718b2010 xxu||||| |||| 00| 0 eng d
100 _aTaucar, Christopher Edward
245 _aStandards of judicial review of administrative bodies: the consideration of citizen participation
260 _c2010
300 _ap.67-86.
362 _aMar
650 _aJudiciary
773 _aCanadian Public Administration
908 _aN
909 _a86384
999 _c86384
_d86384